000 00654nam a2200229 a 4500
999 _c11735
_d11735
001 11735
003 BD-JhCC
005 20200810122058.0
008 200810b2013 enk |||| ||a| 000 0 eng d
020 _a9780007925469
035 _a(BD-JhCC)11735
040 _aBD-JhCC
_dBD-JhCC
041 _aeng
082 _a822.33
_bSHA 2011
100 _ashakespeare, william
245 _aJulius Caesar /
_cwilliam shakespeare
260 _aLondon:
_bcollins classics;
_c2013.
300 _a134 p. :
_c18 cm.
651 _aCaesar, Julius
_xRome (Empire)
_yJulius Caesar (Shakespeare, William)
_zHistorical drama, English
942 _2ddc
_cBK